000 00384nam a2200133Ia 4500
008 100328s9999 xx 000 0 und d
082 _b34486
100 _aकर्णिक हेमन.
245 _aसागरी संघर्ष
260 _bआशिष
630 _aसागरी संघर्ष
730 _aसागरी संघर्ष
942 _cBOOK
999 _c524637
_d524634